[Event "SVK-chT4 A21 2122"]
[Site "Slovakia"]
[Date "2022.05.01"]
[Round "5.2"]
[White "Krakovsky, Peter1111"]
[Black "Bilovsky, Milan"]
[Result "1-0"]
[WhiteElo "1604"]
[BlackElo "1903"]
[PlyCount "36"]
[EventDate "2021.10.17"]
[EventType "team-tourn"]
[EventRounds "11"]
[EventCountry "SVK"]
[SourceTitle "EXT 2024"]
[Source "ChessBase"]
[SourceDate "2023.10.10"]
[SourceVersion "1"]
[SourceVersionDate "2023.10.10"]
[SourceQuality "1"]
[WhiteTeam "Skalica II"]
[BlackTeam "Gbely Nafta II"]
[WhiteTeamCountry "SVK"]
[BlackTeamCountry "SVK"]

1. e4 c5 2. Nf3 Nc6 3. d4 cxd4 4. Nxd4 g6 5. c3 Bg7 6. Be3 Nf6 7. f3 0-0 8. Be2 a6 9. 0-0 e5 10. Nb3 d5 11. exd5 Nxd5 12. Bc5 Re8 13. Bc4 Be6 14. N1d2 b5 15. Bxd5 Bxd5 16. Ne4 Re6 17. Bf2 Bxe4 18. fxe4 Na5 1-0

[Event "SVK-chT4 A21 1819"]
[Site "Slovakia"]
[Date "2018.12.16"]
[Round "5.1"]
[White "Bilovsky, Milan"]
[Black "Vogl, Zdenek"]
[Result "1/2-1/2"]
[WhiteElo "1917"]
[BlackElo "1859"]
[PlyCount "20"]
[EventDate "2018.10.14"]
[EventType "team-tourn"]
[EventRounds "11"]
[EventCountry "SVK"]
[SourceTitle "CBM 189 Extra"]
[Source "ChessBase"]
[SourceDate "2019.06.03"]
[SourceVersion "1"]
[SourceVersionDate "2019.06.03"]
[SourceQuality "1"]
[WhiteTeam "Gbely Nafta III"]
[BlackTeam "Skalica III"]
[WhiteTeamCountry "SVK"]
[BlackTeamCountry "SVK"]

1. e4 e5 2. Nf3 Nc6 3. Bc4 Be7 4. 0-0 Nf6 5. Re1 0-0 6. Nc3 d6 7. d4 Bg4 8. dxe5 dxe5 9. Be2 Qxd1 10. Bxd1 Bb4 1/2-1/2

[Event "SVK-chT2A 1819"]
[Site "Slovakia"]
[Date "2018.10.14"]
[Round "2.8"]
[White "Bilovsky, Milan"]
[Black "Cervenak, Ladislav"]
[Result "1/2-1/2"]
[WhiteElo "1919"]
[BlackElo "1777"]
[PlyCount "68"]
[EventDate "2018.10.13"]
[EventType "team-tourn"]
[EventRounds "11"]
[EventCountry "SVK"]
[SourceTitle "CBM 189 Extra"]
[Source "ChessBase"]
[SourceDate "2019.06.03"]
[SourceVersion "1"]
[SourceVersionDate "2019.06.03"]
[SourceQuality "1"]
[WhiteTeam "Gbely Nafta"]
[BlackTeam "Bratislava Slovan IV"]
[WhiteTeamCountry "SVK"]
[BlackTeamCountry "SVK"]

1. e4 e5 2. Nf3 Nf6 3. d3 Nc6 4. Bg5 Be7 5. Nc3 d6 6. h3 0-0 7. Be2 Re8 8. Qd2 a6 9. 0-0 Bd7 10. a3 Be6 11. Rfe1 Qd7 12. Kh2 Rad8 13. Bxf6 Bxf6 14. Nd5 Bxd5 15. exd5 Ne7 16. c4 c6 17. dxc6 Nxc6 18. Ng5 Nd4 19. Rad1 Nxe2 20. Rxe2 Bxg5 21. Qxg5 h6 22. Qe3 Qc6 23. Rc1 Qc5 24. b4 Qxe3 25. fxe3 Rc8 26. Rec2 Re7 27. Kg3 f5 28. Kf3 e4+ 29. dxe4 fxe4+ 30. Ke2 Rec7 31. Kd2 Kf7 32. a4 Ke6 33. a5 Ke5 34. Rc3 Ke6 1/2-1/2

[Event "SVK-chT4 A21 1617"]
[Site "Slovakia"]
[Date "2017.01.29"]
[Round "8.4"]
[White "Stolar, Michal"]
[Black "Bilovsky, Milan"]
[Result "0-1"]
[WhiteElo "1630"]
[BlackElo "1936"]
[PlyCount "84"]
[EventDate "2016.10.09"]
[EventType "team-tourn"]
[EventRounds "11"]
[EventCountry "SVK"]
[SourceTitle "EXT 2018"]
[Source "ChessBase"]
[SourceDate "2017.10.13"]
[SourceVersion "1"]
[SourceVersionDate "2017.10.13"]
[SourceQuality "1"]
[WhiteTeam "Piestany Kupele II"]
[BlackTeam "Gbely Nafta II"]
[WhiteTeamCountry "SVK"]
[BlackTeamCountry "SVK"]

1. e4 c5 2. c4 e5 3. Nf3 Nc6 4. Be2 d6 5. Nc3 Nf6 6. h3 Be7 7. d3 h6 8. 0-0 0-0 9. a3 a6 10. Nh2 Nd4 11. f4 Bd7 12. fxe5 dxe5 13. Nf3 Qc7 14. Rb1 b5 15. cxb5 axb5 16. Qe1 Kh7 17. Qg3 Nh5 18. Qf2 Nf6 19. Bd1 Rab8 20. Be3 Be6 21. b3 Nd7 22. Kh1 b4 23. axb4 Rxb4 24. Nd2 f5 25. Qg1 Nf6 26. Ne2 Nh5 27. Qh2 f4 28. Bf2 f3 29. Nxd4 cxd4 30. Bxf3 Nf4 31. Bg3 Nxd3 32. Nc4 Bxc4 33. bxc4 Rxb1 34. Rxb1 Qxc4 35. Rf1 Nf4 36. Qg1 d3 37. Kh2 Bc5 38. Bf2 Ne2 39. Qh1 Bxf2 40. Rxf2 Qd4 41. Qe1 Qe3 42. Qf1 Qf4+ 0-1

[Event "SVK-chT4 A21 1516"]
[Site "Slovakia"]
[Date "2016.01.10"]
[Round "6.4"]
[White "Sadlon, Juraj"]
[Black "Bilovsky, Milan"]
[Result "0-1"]
[WhiteElo "1835"]
[BlackElo "1906"]
[PlyCount "146"]
[EventDate "2015.10.04"]
[EventType "team-tourn"]
[EventRounds "11"]
[EventCountry "SVK"]
[SourceTitle "CBM 170 Extra"]
[Source "ChessBase"]
[SourceDate "2016.02.25"]
[SourceVersion "1"]
[SourceVersionDate "2016.02.25"]
[SourceQuality "1"]
[WhiteTeam "Brezova pod Bradlom"]
[BlackTeam "Gbely Nafta III"]
[WhiteTeamCountry "SVK"]
[BlackTeamCountry "SVK"]

1. e4 c5 2. Nf3 e6 3. c3 Nc6 4. Bb5 Nf6 5. Qe2 Be7 6. 0-0 0-0 7. d3 d6 8. Nbd2 Bd7 9. Re1 a6 10. Ba4 b5 11. Bc2 e5 12. Nf1 h6 13. Ng3 Re8 14. h3 Bf8 15. Nh4 g6 16. Bb3 Na5 17. Bc2 Nc6 18. Bd2 Rb8 19. b4 cxb4 20. cxb4 Nd4 21. Qd1 Nxc2 22. Qxc2 Rc8 23. Qb2 Nxe4 24. Nxe4 Qxh4 25. Bg5 hxg5 26. Nf6+ Kh8 27. Nxd7 Bg7 28. Re4 Qh5 29. Nb6 Rc6 30. Nd5 f5 31. Ree1 g4 32. hxg4 Qxg4 33. Rac1 Rxc1 34. Qxc1 f4 35. f3 Qd7 36. Qb1 Qa7+ 37. Kf1 Rc8 38. Qb3 Bh6 39. Ke2 Kg7 40. Kd2 Bg5 41. Nc3 Bh4 42. Re2 Qc7 43. Qb2 Qc6 44. Ne4 Qd5 45. Nc3 Qe6 46. Qb3 Qd7 47. Kc2 e4 48. Rxe4 d5 49. Rd4 Bf6 50. Rxd5 Rxc3+ 51. Qxc3 Qxd5 52. Qc7+ Qf7 53. Qxf4 Qxa2+ 54. Kd1 Qxg2 55. Qc7+ Kh6 56. Qf4+ Bg5 57. Qf8+ Kh5 58. Qh8+ Bh6 59. Qe5+ Kh4 60. Qe4+ Kh3 61. Ke1 Qd2+ 62. Kf1 Qf4 63. Qe6+ Qf5 64. Qe2 Bf4 65. Qg2+ Kh4 66. Qf2+ Bg3 67. Qd4+ Bf4 68. Qf2+ Kg5 69. Qg2+ Kf6 70. Qb2+ Be5 71. Qe2 Qf4 72. Ke1 Qc1+ 73. Kf2 Qb2 0-1

[Event "SVK-chT4 A21 1516"]
[Site "Slovakia"]
[Date "2015.11.22"]
[Round "4.5"]
[White "Bilovsky, Milan"]
[Black "Planka, Peter"]
[Result "1-0"]
[WhiteElo "1906"]
[BlackElo "1753"]
[PlyCount "75"]
[EventDate "2015.10.04"]
[EventType "team-tourn"]
[EventRounds "11"]
[EventCountry "SVK"]
[SourceTitle "CBM 170 Extra"]
[Source "ChessBase"]
[SourceDate "2016.02.25"]
[SourceVersion "1"]
[SourceVersionDate "2016.02.25"]
[SourceQuality "1"]
[WhiteTeam "Gbely Nafta III"]
[BlackTeam "Skalica III"]
[WhiteTeamCountry "SVK"]
[BlackTeamCountry "SVK"]

1. e4 e5 2. Nf3 Nc6 3. Bc4 Bc5 4. c3 Nf6 5. d3 d6 6. Bg5 h6 7. Bh4 0-0 8. 0-0 Bg4 9. h3 Be6 10. Nbd2 Bxc4 11. Nxc4 b5 12. Ne3 Bxe3 13. fxe3 Qe7 14. d4 exd4 15. Bxf6 gxf6 16. Nxd4 Nxd4 17. exd4 Qxe4 18. Rxf6 Kg7 19. Qf1 Rae8 20. Rf3 a6 21. Rg3+ Kh7 22. Qf6 Rg8 23. Qxf7+ Kh8 24. Rxg8+ Rxg8 25. Qf2 Qe6 26. Kh2 Rg7 27. Re1 Qg6 28. Re3 Kh7 29. Rf3 Kg8 30. Rf6 Qe4 31. Rxh6 c5 32. Rh4 Qd5 33. Rf4 Qh5 34. Rf8+ Kh7 35. Rf4 Kg8 36. Rf5 Qh6 37. dxc5 dxc5 38. Qxc5 1-0

[Event "SVK-chT3A2 1415"]
[Site "Slovakia"]
[Date "2014.11.16"]
[Round "3.5"]
[White "Bilovsky, Milan"]
[Black "Verba, Vladimir"]
[Result "0-1"]
[WhiteElo "1921"]
[BlackElo "1789"]
[PlyCount "62"]
[EventDate "2014.10.19"]
[EventType "team-tourn"]
[EventRounds "11"]
[EventCountry "SVK"]
[SourceTitle "EXT 2019"]
[Source "ChessBase"]
[SourceDate "2018.10.10"]
[SourceVersion "1"]
[SourceVersionDate "2018.10.10"]
[SourceQuality "1"]

1. e4 g6 2. d4 Bg7 3. Be3 c5 4. c3 cxd4 5. Bxd4 e5 6. Be3 Nf6 7. f3 0-0 8. Bc4 Qc7 9. Na3 a6 10. Qd2 b5 11. Bb3 Nc6 12. Rd1 Rd8 13. Qf2 Rb8 14. Ne2 Na5 15. Bc2 d5 16. b4 Nc6 17. Ng3 Nxb4 18. Bb3 Qxc3+ 19. Kf1 Nxa2 20. Bxa2 Qxa3 21. exd5 Bb7 22. Bc5 Qa4 23. Qe2 Bxd5 24. Bxd5 Rxd5 25. Rxd5 Nxd5 26. Kf2 Rc8 27. Rc1 Bf8 28. Ba3 Nc3 29. Bxf8 Kxf8 30. Qxe5 Qa2+ 31. Kg1 Qe6 0-1

[Event "SVK-chT3A2 1213"]
[Site "Slovakia"]
[Date "2013.02.24"]
[Round "9.4"]
[White "Bilovsky, Milan"]
[Black "Palka, Miroslav"]
[Result "1-0"]
[WhiteElo "1911"]
[BlackElo "1924"]
[PlyCount "59"]
[EventDate "2012.10.07"]
[EventType "team-tourn"]
[EventRounds "11"]
[EventCountry "SVK"]
[SourceTitle "EXT 2015"]
[Source "ChessBase"]
[SourceDate "2014.11.20"]
[SourceVersion "1"]
[SourceVersionDate "2014.11.20"]
[SourceQuality "1"]
[WhiteTeam "Holic"]
[BlackTeam "Senica SK"]
[WhiteTeamCountry "SVK"]
[BlackTeamCountry "SVK"]

1. e4 c5 2. c3 g6 3. d4 cxd4 4. cxd4 Bg7 5. Nc3 d6 6. Be3 Nf6 7. Be2 0-0 8. a3 Nc6 9. b4 Bd7 10. Rc1 Rc8 11. h3 b6 12. Nf3 a5 13. b5 Na7 14. a4 e6 15. 0-0 d5 16. e5 Ne8 17. Qd2 f6 18. Rc2 Qe7 19. Rfc1 Nc7 20. Nh2 fxe5 21. dxe5 Bxe5 22. Ng4 Bd6 23. Bg5 Qe8 24. Nf6+ Rxf6 25. Bxf6 Bc5 26. Bf3 Qf8 27. Bd4 Bxd4 28. Qxd4 Na8 29. Nxd5 exd5 30. Bxd5+ 1-0

[Event "SVK-chT3A2 1011"]
[Site "Slovakia"]
[Date "2011.02.13"]
[Round "8.5"]
[White "Szekely, Stefan"]
[Black "Bilovsky, Milan"]
[Result "1/2-1/2"]
[WhiteElo "1976"]
[BlackElo "1918"]
[PlyCount "63"]
[EventDate "2010.10.17"]
[EventType "team-tourn"]
[EventRounds "11"]
[EventCountry "SVK"]
[SourceTitle "EXT 2019"]
[Source "ChessBase"]
[SourceDate "2018.10.10"]
[SourceVersion "1"]
[SourceVersionDate "2018.10.10"]
[SourceQuality "1"]
[WhiteTeam "Potonska Veza"]
[BlackTeam "Holic"]
[WhiteTeamCountry "SVK"]
[BlackTeamCountry "SVK"]

1. c4 c5 2. Nc3 Nc6 3. Nf3 g6 4. g3 Bg7 5. Bg2 e6 6. 0-0 Nge7 7. d4 cxd4 8. Nb5 0-0 9. Nbxd4 d5 10. cxd5 Nxd4 11. Nxd4 Nxd5 12. e4 Nb6 13. Ne2 Bd7 14. Nc3 Rc8 15. Qb3 Qe7 16. Bf4 Rc4 17. Rad1 Rfc8 18. Bd6 Qe8 19. e5 Bc6 20. f3 f6 21. exf6 Bxf6 22. Ne4 Bg7 23. Bf4 Ba4 24. Qa3 Bxd1 25. Rxd1 Qc6 26. h4 Qa4 27. Qxa4 Rxa4 28. Bh3 Re8 29. Nd6 Rxf4 30. Nxe8 Rd4 31. Re1 e5 32. Nxg7 1/2-1/2

[Event "SVK-chT3A2 1011"]
[Site "Slovakia"]
[Date "2011.01.16"]
[Round "6.6"]
[White "Bilovsky, Milan"]
[Black "Zajicek, Ferdinand"]
[Result "1/2-1/2"]
[WhiteElo "1918"]
[BlackElo "1873"]
[PlyCount "34"]
[EventDate "2010.10.17"]
[EventType "team-tourn"]
[EventRounds "11"]
[EventCountry "SVK"]
[SourceTitle "EXT 2012"]
[Source "ChessBase"]
[SourceDate "2011.11.24"]
[SourceVersion "1"]
[SourceVersionDate "2011.11.24"]
[SourceQuality "1"]
[WhiteTeam "Holic"]
[BlackTeam "Gbely Nafta"]
[WhiteTeamCountry "SVK"]
[BlackTeamCountry "SVK"]

1. e4 e5 2. Nf3 Nc6 3. Bc4 h6 4. 0-0 d6 5. h3 Nf6 6. d3 Be7 7. a4 0-0 8. Nc3 Be6 9. Nd5 a6 10. c3 Re8 11. Re1 Rc8 12. b4 Nb8 13. Be3 Nbd7 14. a5 c6 15. Nxf6+ Bxf6 16. Bxe6 Rxe6 17. c4 Qf8 1/2-1/2

[Event "SVK-chT3A2 1011"]
[Site "Slovakia"]
[Date "2010.12.12"]
[Round "5.6"]
[White "Vepy, Ivan"]
[Black "Bilovsky, Milan"]
[Result "1-0"]
[WhiteElo "1935"]
[BlackElo "1918"]
[PlyCount "47"]
[EventDate "2010.10.17"]
[EventType "team-tourn"]
[EventRounds "11"]
[EventCountry "SVK"]
[SourceTitle "EXT 2012"]
[Source "ChessBase"]
[SourceDate "2011.11.24"]
[SourceVersion "1"]
[SourceVersionDate "2011.11.24"]
[SourceQuality "1"]
[WhiteTeam "Skalica"]
[BlackTeam "Holic"]
[WhiteTeamCountry "SVK"]
[BlackTeamCountry "SVK"]

1. e4 c5 2. Bc4 Nc6 3. a3 Nf6 4. d3 e6 5. Bg5 Be7 6. Ne2 d5 7. exd5 exd5 8. Ba2 0-0 9. 0-0 Bg4 10. f3 Be6 11. Nf4 Qb6 12. Qc1 Rfe8 13. Kh1 Ng4 14. Bxe7 Nxh2 15. Kxh2 Rxe7 16. Bxd5 Nd4 17. Bxe6 Nxe6 18. Nxe6 Rxe6 19. Nc3 c4 20. g3 Rae8 21. Qd2 Rh6+ 22. Kg2 Rh2+ 23. Kxh2 Qh6+ 24. Qxh6 1-0

[Event "SVK-chT3A2 0910"]
[Site "Slovakia"]
[Date "2010.03.14"]
[Round "10.4"]
[White "Cajka, Tibor"]
[Black "Bilovsky, Milan"]
[Result "1/2-1/2"]
[WhiteElo "1932"]
[BlackElo "1940"]
[PlyCount "120"]
[EventDate "2009.10.18"]
[EventType "team-tourn"]
[EventRounds "11"]
[EventCountry "SVK"]
[SourceTitle "EXT 2011"]
[Source "ChessBase"]
[SourceDate "2010.11.26"]
[SourceVersion "1"]
[SourceVersionDate "2010.11.26"]
[SourceQuality "1"]
[WhiteTeam "Osuske II"]
[BlackTeam "Holic"]
[WhiteTeamCountry "SVK"]
[BlackTeamCountry "SVK"]

1. c4 c5 2. Nc3 Nc6 3. g3 g6 4. Bg2 Bg7 5. e3 e6 6. Nge2 Nge7 7. 0-0 0-0 8. d4 cxd4 9. exd4 d5 10. cxd5 exd5 11. Bg5 h6 12. Bxe7 Nxe7 13. Qb3 Bg4 14. Qxb7 Rb8 15. Qxa7 Bxe2 16. Nxe2 Rxb2 17. Rfe1 Nc6 18. Qc5 Qf6 19. Rab1 Rfb8 20. Rxb2 Rxb2 21. Qc3 Nxd4 22. Qxb2 Nf3+ 23. Bxf3 Qxb2 24. Bxd5 Qd2 25. Bxf7+ Kxf7 26. Kf1 Qxa2 27. Nf4 Qc4+ 28. Kg1 g5 29. Ng2 h5 30. h4 Bd4 31. hxg5 Qc3 32. Re4 Qd2 33. Rf4+ Kg6 34. Nh4+ Kh7 35. g6+ Kg8 36. Nf5 Bf6 37. Re4 Qd1+ 38. Kh2 Qd7 39. Nh4 Bxh4 40. Rxh4 Qf5 41. Rf4 Qxg6 42. Kg2 Qe6 43. Rh4 Qd5+ 44. Kh2 Kg7 45. Rf4 Kg6 46. Kg1 Kg5 47. Kh2 Qd2 48. Kg1 Qe1+ 49. Kg2 Kg6 50. Rh4 Kh6 51. g4 Kg5 52. Rxh5+ Kxg4 53. Rh3 Qd2 54. Rg3+ Kf4 55. Rf3+ Ke4 56. Re3+ Kd4 57. Kf3 Qd1+ 58. Kg2 Qg4+ 59. Kf1 Kd5 60. Ke1 Qg2 1/2-1/2

[Event "SVK-chT3A2 0809"]
[Site "Slovakia"]
[Date "2009.01.11"]
[Round "5.4"]
[White "Bilovsky, Milan"]
[Black "Kocak, Branislav"]
[Result "1/2-1/2"]
[WhiteElo "1911"]
[BlackElo "1896"]
[PlyCount "106"]
[EventDate "2008.10.19"]
[EventType "team-tourn"]
[EventRounds "11"]
[EventCountry "SVK"]
[SourceTitle "EXT 2010"]
[Source "ChessBase"]
[SourceDate "2010.11.25"]
[SourceVersion "1"]
[SourceVersionDate "2010.11.25"]
[SourceQuality "1"]
[WhiteTeam "Holic"]
[BlackTeam "Gbely Nafta"]
[WhiteTeamCountry "SVK"]
[BlackTeamCountry "SVK"]

1. c4 Nf6 2. d4 e6 3. Nc3 d5 4. Bg5 Bb4 5. Nf3 0-0 6. a3 Bxc3+ 7. bxc3 b6 8. cxd5 exd5 9. e3 Bb7 10. Be2 Nbd7 11. Ne5 Qc8 12. Nxd7 Nxd7 13. 0-0 Ba6 14. Rc1 c5 15. Bxa6 Qxa6 16. Qg4 f5 17. Qf3 Qb7 18. c4 h6 19. Bh4 f4 20. exf4 cxd4 21. cxd5 Rf5 22. g4 Qxd5 23. Qxd5+ Rxd5 24. g5 Kh7 25. gxh6 Kxh6 26. Bg5+ Kh7 27. Rc7 d3 28. Rd1 Re8 29. Kf1 a5 30. h4 Kg6 31. f3 Kf5 32. Rd2 g6 33. Rc6 Re6 34. Rxe6 Kxe6 35. Ke1 Nc5 36. Rb2 Na4 37. Rb3 d2+ 38. Kd1 b5 39. f5+ Kxf5 40. Bxd2 Nb6 41. Ke2 Nc4 42. Bc1 Ke5 43. Rd3 Rd4 44. Rb3 Rd5 45. Rd3 Rxd3 46. Kxd3 Kd5 47. f4 b4 48. axb4 axb4 49. Kc2 Kc5 50. f5 gxf5 51. h5 Ne5 52. Kb3 Kd5 53. h6 Ng6 1/2-1/2

[Event "SVK-chT3A2 0809"]
[Site "Slovakia"]
[Date "2008.10.19"]
[Round "1.5"]
[White "Zarecky, Eduard"]
[Black "Bilovsky, Milan"]
[Result "1/2-1/2"]
[WhiteElo "1948"]
[BlackElo "1911"]
[PlyCount "116"]
[EventDate "2008.10.19"]
[EventType "team-tourn"]
[EventRounds "11"]
[EventCountry "SVK"]
[SourceTitle "EXT 2010"]
[Source "ChessBase"]
[SourceDate "2010.11.25"]
[SourceVersion "1"]
[SourceVersionDate "2010.11.25"]
[SourceQuality "1"]
[WhiteTeam "Trnava Modranka"]
[BlackTeam "Holic"]
[WhiteTeamCountry "SVK"]
[BlackTeamCountry "SVK"]

1. d4 d5 2. c4 c6 3. Nc3 e6 4. e3 Nf6 5. Nf3 Bd6 6. a3 Nbd7 7. c5 Bc7 8. Bd3 0-0 9. 0-0 e5 10. dxe5 Nxe5 11. Nxe5 Bxe5 12. Ne2 Ne4 13. Bxe4 dxe4 14. Qc2 Qe7 15. Rb1 Be6 16. Nf4 Ba2 17. Ra1 Bxf4 18. exf4 Qe6 19. Re1 Rfe8 20. b4 Bd5 21. Qc3 Qg4 22. h3 Qd7 23. Bb2 f5 24. Re3 Re6 25. Rg3 Rg6 26. Rxg6 hxg6 27. Re1 Re8 28. Re3 Re7 29. Rg3 Kh7 30. Rg5 Qe6 31. Qe3 Bc4 32. Be5 Rd7 33. Bd6 b5 34. h4 Qd5 35. Qg3 Qd3 36. Rxg6 Qxg3 37. Rxg3 Bd3 38. Rg5 Rf7 39. Kh2 Kh6 40. Rg3 g6 41. Re3 a5 42. Be5 axb4 43. axb4 Ra7 44. Re1 Ra4 45. Ra1 Rxa1 46. Bxa1 Kh5 47. Kg3 Bc2 48. Bd4 Bd3 49. Be3 Bc2 50. Kh3 Bd3 51. Bd2 Be2 52. Be1 Bg4+ 53. Kh2 Be2 54. Bc3 Bd1 55. Bf6 Be2 56. Kh3 Bg4+ 57. Kh2 Be2 58. Bg5 Kg4 1/2-1/2

[Event "SVK-chT2A 0506"]
[Site "Slovakia"]
[Date "2006.02.12"]
[Round "9.7"]
[White "Bilovsky, Milan"]
[Black "Bury, Rastislav"]
[Result "0-1"]
[WhiteElo "1889"]
[BlackElo "2047"]
[PlyCount "80"]
[EventDate "2005.10.22"]
[EventType "team-tourn"]
[EventRounds "11"]
[EventCountry "SVK"]
[SourceTitle "EXT 2009"]
[Source "ChessBase"]
[SourceDate "2008.11.26"]
[SourceVersion "1"]
[SourceVersionDate "2008.11.26"]
[SourceQuality "1"]

1. c4 Nf6 2. d4 c5 3. d5 b5 4. a4 bxc4 5. Nc3 d6 6. e4 Ba6 7. f4 Nbd7 8. Nf3 e5 9. dxe6 fxe6 10. e5 dxe5 11. fxe5 Ng4 12. Bf4 Be7 13. h3 0-0 14. hxg4 Rxf4 15. Qd2 Bg5 16. Nxg5 Qxg5 17. Qxd7 Rd4 18. Qxe6+ Kh8 19. Rd1 Qe3+ 20. Be2 Qg3+ 21. Kf1 Rf8+ 22. Kg1 Bb7 23. Nd5 Bxd5 24. Qxd5 Rxd5 25. Rxd5 Qe3+ 26. Kh2 Qxe2 27. Rhd1 Qxb2 28. e6 Qf6 29. Rf5 Qh4+ 30. Kg1 Rxf5 31. gxf5 Kg8 32. Rd7 Qe1+ 33. Kh2 Qe5+ 34. Kg1 Kf8 35. Rxa7 Qxf5 36. Rf7+ Qxf7 37. exf7 Kxf7 38. a5 c3 39. a6 c2 40. a7 c1Q+ 0-1

[Event "SVK-chT2A 0506"]
[Site "Slovakia"]
[Date "2005.12.18"]
[Round "6.7"]
[White "Bahna, Jan"]
[Black "Bilovsky, Milan"]
[Result "1-0"]
[WhiteElo "1989"]
[BlackElo "1889"]
[PlyCount "81"]
[EventDate "2005.10.22"]
[EventType "team-tourn"]
[EventRounds "11"]
[EventCountry "SVK"]
[SourceTitle "EXT 2009"]
[Source "ChessBase"]
[SourceDate "2008.11.26"]
[SourceVersion "1"]
[SourceVersionDate "2008.11.26"]
[SourceQuality "1"]

1. e4 c5 2. Nc3 e6 3. g3 Nc6 4. Bg2 Nf6 5. d3 d5 6. f3 Be7 7. Nh3 b5 8. 0-0 Qb6 9. Nf4 d4 10. Nce2 0-0 11. Kh1 e5 12. Nh3 Nh5 13. g4 Nf6 14. Ng3 g6 15. Bh6 Rd8 16. Rg1 Bf8 17. Qd2 Bg7 18. Bf1 Ne7 19. Qg5 Kh8 20. Bxg7+ Kxg7 21. Qxe5 Qd6 22. Qxd6 Rxd6 23. e5 Re6 24. exf6+ Kxf6 25. Ne4+ Kg7 26. Nf4 Re5 27. h4 f5 28. Nd6 Bd7 29. a4 fxg4 30. fxg4 Rf8 31. Nh3 bxa4 32. Ng5 Rf2 33. Nc4 Bc6+ 34. Ne4 Bxe4+ 35. dxe4 Rxe4 36. Bd3 Ref4 37. Rxa4 h5 38. Rxa7 Kf8 39. Ne5 Rd2 40. Rxe7 Rff2 41. Nxg6+ 1-0

[Event "SVK-chT2A 0506"]
[Site "Slovakia"]
[Date "2005.11.26"]
[Round "3.8"]
[White "Bilovsky, Milan"]
[Black "Jelenciak, Jozef"]
[Result "1/2-1/2"]
[WhiteElo "1889"]
[BlackElo "1944"]
[PlyCount "109"]
[EventDate "2005.10.22"]
[EventType "team-tourn"]
[EventRounds "11"]
[EventCountry "SVK"]
[SourceTitle "EXT 2009"]
[Source "ChessBase"]
[SourceDate "2008.11.26"]
[SourceVersion "1"]
[SourceVersionDate "2008.11.26"]
[SourceQuality "1"]

1. c4 f5 2. d4 Nf6 3. Nc3 c6 4. Bf4 e6 5. a3 d5 6. e3 Be7 7. Nf3 0-0 8. Bd3 Ne4 9. h3 Nd7 10. Ne5 Ndf6 11. 0-0 Bd7 12. Be2 Be8 13. c5 g5 14. Bh2 b6 15. Nxe4 Nxe4 16. f3 Nf6 17. b4 b5 18. a4 a6 19. axb5 axb5 20. Rxa8 Qxa8 21. Qa1 Bd7 22. Qb2 Qb7 23. Ra1 Ra8 24. Ra3 Be8 25. g4 Nd7 26. Bd3 Nxe5 27. Bxe5 Rxa3 28. Qxa3 fxg4 29. hxg4 Bg6 30. Bxg6 hxg6 31. Qa5 Kf7 32. Kg2 Bf6 33. Qb6 Qd7 34. Qb8 Bxe5 35. dxe5 Kg7 36. Qd6 Qe8 37. Qc7+ Kg8 38. Kg3 Kh8 39. f4 Kg8 40. Qd6 Kg7 41. f5 gxf5 42. gxf5 exf5 43. Qf6+ Kh7 44. Qxf5+ Qg6 45. Kg4 Kh6 46. Qf8+ Kh7 47. Qf5 Kh6 48. Qf8+ Kh7 49. Qe7+ Kh6 50. Qd6 Kh7 51. e6 Qe4+ 52. Kxg5 Qg6+ 53. Kh4 Qe4+ 54. Kg5 Qg6+ 55. Kh4 1/2-1/2

[Event "SVK-chT1W 0304"]
[Site "Slovakia"]
[Date "2004.??.??"]
[Round "8"]
[White "Bilovsky, Milan"]
[Black "Mikulas, Dusan"]
[Result "0-1"]
[WhiteElo "1870"]
[BlackElo "2140"]
[PlyCount "62"]
[EventDate "2003.10.??"]
[EventType "team"]
[EventRounds "9"]
[EventCountry "SVK"]
[SourceTitle "EXT 2007"]
[Source "ChessBase"]
[SourceDate "2006.11.23"]
[SourceVersion "1"]
[SourceVersionDate "2006.11.23"]
[SourceQuality "1"]

1. c4 e5 2. Nc3 Nf6 3. g3 d6 4. Bg2 g6 5. e3 Bg7 6. d4 Nbd7 7. Nge2 0-0 8. 0-0 c6 9. b4 Qc7 10. Qb3 Re8 11. Re1 Nf8 12. Bb2 g5 13. Rad1 Ng6 14. Qc2 Bg4 15. f3 Be6 16. Ne4 Nxe4 17. fxe4 Rad8 18. d5 Bc8 19. Rf1 Bg4 20. h3 Bd7 21. Bc3 Rc8 22. Rc1 cxd5 23. cxd5 g4 24. h4 Bh6 25. Qd2 Qb6 26. Kf2 f5 27. Nf4 exf4 28. gxf4 fxe4 29. Kg3 Bb5 30. Bd4 Qd8 31. Rxc8 Qxh4# 0-1

[Event "SVK-chT1W 0203"]
[Site "Slovakia"]
[Date "2002.11.30"]
[Round "5.8"]
[White "Palka, Miroslav"]
[Black "Bilovsky, Milan"]
[Result "1-0"]
[WhiteElo "2012"]
[BlackElo "1880"]
[PlyCount "109"]
[EventDate "2002.10.12"]
[EventType "team-tourn"]
[EventRounds "11"]
[EventCountry "SVK"]
[SourceTitle "EXT 2005"]
[Source "ChessBase"]
[SourceDate "2004.11.15"]
[SourceVersion "1"]
[SourceVersionDate "2004.11.15"]
[SourceQuality "1"]
[WhiteTeam "Senica"]
[BlackTeam "Holic"]
[WhiteTeamCountry "SVK"]
[BlackTeamCountry "SVK"]

1. c4 c5 2. Nc3 Nc6 3. e4 g6 4. g3 Bg7 5. Bg2 e5 6. Nge2 Nge7 7. 0-0 0-0 8. d3 d6 9. Be3 f5 10. Qd2 Nd4 11. f4 Nec6 12. fxe5 dxe5 13. Nd5 Nxe2+ 14. Qxe2 Nd4 15. Qd2 Be6 16. Bg5 Qd7 17. Be7 Rfc8 18. Nf6+ Bxf6 19. Bxf6 Bxc4 20. exf5 Nxf5 21. Bxe5 Re8 22. Bc3 Qxd3 23. Qxd3 Bxd3 24. Bd5+ Kf8 25. Rf2 Be4 26. Bc4 Ke7 27. g4 Nd6 28. Re1 Kd7 29. Rd1 Kc6 30. Rf6 Rad8 31. b4 b5 32. Bf7 Re7 33. bxc5 Kxc5 34. Bb3 Bc6 35. Ba5 Rdd7 36. a3 Re3 37. Bb4+ Kb6 38. Bd5 a5 39. Bxc6 Kxc6 40. Rfxd6+ Rxd6 41. Bxd6 Re4 42. h3 b4 43. axb4 axb4 44. Kf2 b3 45. Ba3 h5 46. Kf3 Ra4 47. Bb2 hxg4+ 48. hxg4 Kc5 49. Rd3 Kc6 50. Rxb3 Kc7 51. Rd3 Kc6 52. Bf6 Kc5 53. Be5 Ra6 54. Kf4 Re6 55. Rd6 1-0

[Event "SVK-chT1W 0203"]
[Site "Slovakia"]
[Date "2002.11.09"]
[Round "3.7"]
[White "Antala, Jan"]
[Black "Bilovsky, Milan"]
[Result "0-1"]
[WhiteElo "1907"]
[BlackElo "1877"]
[PlyCount "52"]
[EventDate "2002.10.12"]
[EventType "team-tourn"]
[EventRounds "11"]
[EventCountry "SVK"]
[SourceTitle "EXT 2005"]
[Source "ChessBase"]
[SourceDate "2004.11.15"]
[SourceVersion "1"]
[SourceVersionDate "2004.11.15"]
[SourceQuality "1"]
[WhiteTeam "Devinska Nova Ves"]
[BlackTeam "Holic"]
[WhiteTeamCountry "SVK"]
[BlackTeamCountry "SVK"]

1. e4 c5 2. Nf3 Nc6 3. d4 cxd4 4. c3 dxc3 5. Nxc3 d6 6. Bc4 Nf6 7. Ng5 Ne5 8. Bb5+ Bd7 9. f4 Ng6 10. Qb3 e6 11. f5 h6 12. fxe6 hxg5 13. exd7+ Nxd7 14. 0-0 Nge5 15. Bxd7+ Qxd7 16. Bxg5 Be7 17. Bf4 0-0 18. Rad1 Ng6 19. Bg3 Qc6 20. Nd5 Rac8 21. Nxe7+ Nxe7 22. Bxd6 Qxe4 23. Rfe1 Qg6 24. Bxe7 Rc2 25. Qxb7 Qf5 26. Rd8 Qf2+ 0-1